MARC

LEADER 00000nam0a2200000 4500
001 318864
005 20231102003124.0
035 |a (RuTPU)RU\TPU\book\344366 
090 |a 318864 
100 |a 20160510d1964 m y0rusy50 ca 
101 0 |a ger 
102 |a RU 
105 |a a z 000zy 
200 1 |a Беседы о современной немецкой действительности  |d Deutsches heute in gesprachen  |f Н. Г. Комлев 
210 |a Москва  |c Просвещение  |d 1964 
215 |a 254 s.  |c il. 
510 1 |a Deutsches heute in gesprachen  |z ger 
606 1 |a Немецкий язык  |x Для вузов  |x Пособия по развитию речи  |2 stltpush  |3 (RuTPU)RU\TPU\subj\45398  |9 64640 
610 1 |a лексика 
610 1 |a разговорная речь 
610 1 |a чтение 
610 1 |a понимание 
610 1 |a тексты 
686 |a Ш143.24-923.4  |v LBC/SL-A  |2 rubbk 
700 1 |a Комлев  |b Н. Г.  |g Николай Георгиевич 
801 1 |a RU  |b 63413507  |c 20160510 
801 2 |a RU  |b 63413507  |c 20200619  |g RCR 
942 |c BK